Aplikácia nástrojov zeleného rozpočtovania na miestnej úrovni diplomová práca

Saved in:
Bibliographic Details
Main Author: Onuferová, Jana
Corporate Author: Národohospodárska fakulta EU. Katedra financií
Other Authors: Kováč Gerulová, Lukrécia, 1978-
Format: Book
Language:Slovak
Published: Bratislava 2025
Tags: Add Tag
No Tags, Be the first to tag this record!

MARC

LEADER 00000nbm a2200000 4500
001 0309343
005 20251016131001.9
041 0 |a slo 
044 |a SK 
245 1 0 |a Aplikácia nástrojov zeleného rozpočtovania na miestnej úrovni  |b diplomová práca  |c Jana Onuferová ; školiteľ: Lukrécia Kováč Gerulová 
264 1 |a Bratislava  |c 2025 
300 |a 81 s. 
100 1 |a Onuferová, Jana 
700 1 |a Kováč Gerulová, Lukrécia, 1978- 
710 2 |a Národohospodárska fakulta EU. Katedra financií